00602nam a22001697a 4500003000900000008004100009040007100050082002600121245005300147260003400200300004200234440004700276505002200323650001200345650002400357700005100381AR-CdUCM190401b ||||| |||| 00| 0 spa d aMUNICIPALIDAD PROVINCIAL DEL CUSCOcBIBLIOTECA MUNICIPAL DEL CUSCO 24ed.aES / 800 /bB15 aLuis de Beethoven :bLa Vida del Gran Músico / aBarcelona :bAraluce ;c1953. a154 páginas ;c15cmbIlustraciones  aLos Grandes Hechos de los Grandes Hombres  aContenido: Novela aNovela  aLiteratura juvenil  aBaeza, José (su vida relatada a la juventud)